Central Library OPAC University of Rajshahi

The moving target : (Record no. 62090)

MARC details
000 -LEADER
fixed length control field 00807pam a2200253 4500
001 - CONTROL NUMBER
control field 62090
003 - CONTROL NUMBER IDENTIFIER
rucl marc code BD-RjUL
005 - DATE AND TIME OF LATEST TRANSACTION
control field 20211209081037.0
008 - FIXED-LENGTH DATA ELEMENTS--GENERAL INFORMATION
fixed length control field 170122s1982 nyua b 001 0 eng
020 ## - INTERNATIONAL STANDARD BOOK NUMBER
International Standard Book Number 0029017009
035 ## - SYSTEM CONTROL NUMBER
System control number (BD-RjUL)62215
040 ## - CATALOGING SOURCE
Original cataloging agency DLC
Transcribing agency DLC
Modifying agency BD-RjUL
Language of cataloging eng
041 ## - LANGUAGE CODE
Language code of text/sound track or separate title eng
082 ## - DEWEY DECIMAL CLASSIFICATION NUMBER
Edition number 23
Classification number 658.8348
Author mark and year BAM 1982
100 1# - MAIN ENTRY--PERSONAL NAME
Personal name Bartos, Rena.
9 (RLIN) 184717
245 14 - TITLE STATEMENT
Title The moving target :
Remainder of title what every marketer should know about women /
Statement of responsibility, etc. Rena Bartos.
260 ## - PUBLICATION, DISTRIBUTION, ETC. (IMPRINT)
Place of publication, distribution, etc. New York :
Name of publisher, distributor, etc. Free Press,
Date of publication, distribution, etc. c1982.
300 ## - PHYSICAL DESCRIPTION
Pagination xii, 304 p. :
Illustrations ill. ;
Size 24 cm.
504 ## - BIBLIOGRAPHY, ETC. NOTE
Bibliography, etc Includes bibliographical references and index.
650 #0 - SUBJECT ADDED ENTRY--TOPICAL TERM
Topical term or geographic name as entry element Women consumers
Geographic subdivision United States.
9 (RLIN) 184718
Topical term or geographic name as entry element Women
General subdivision Employment
Geographic subdivision United States.
9 (RLIN) 184719
Topical term or geographic name as entry element Women in advertising.
9 (RLIN) 184720
942 ## - ADDED ENTRY ELEMENTS (KOHA)
Source of classification or shelving scheme Dewey Decimal Classification
Koha item type Books
Holdings
Lost status Source of classification or shelving scheme Damaged status Not for loan Collection code Permanent Location Current Location Shelving location Date acquired Source of acquisition Total Checkouts Full call number Date last seen Copy number Koha item type
  Dewey Decimal Classification   Not For Loan Non-fiction Central Library, University of Rajshahi Central Library, University of Rajshahi Reading Room 20/09/1997 Asia Foundation   658.8348 BAM 1982 22/01/2017 C-1 Books